Lataa...
Gendering caste: through a feminist lens
| Päätekijä: | |
|---|---|
| Aineistotyyppi: | Printed Book |
| Julkaistu: |
Culcutta, Stree
2003
|
| Aiheet: |
| LEADER | 004310000a22001450004500 | ||
|---|---|---|---|
| 082 | |a 327 P3 | ||
| 100 | |a Chakravarti, Uma |f Author | ||
| 245 | |a Gendering caste: through a feminist lens | ||
| 260 | |a Culcutta, Stree | ||
| 260 | |c 2003 | ||
| 650 | |a Feminism | ||
| 650 | |a Gender | ||
| 942 | |c BK | ||
| 999 | |c 140859 |d 140855 | ||
| 952 | |0 0 |1 0 |4 0 |6 327_000000000000000_P3 |7 0 |9 139642 |a SIRP |b SIRP |d 2017-10-05 |l 0 |o 327 P3 |p SIRP04664 |r 2017-10-05 |w 2017-10-05 |y BK | ||